• 首页
  • 本馆介绍
  • 公告通知
  • 最新文献
  • 馆藏检索
  • 电子资源
  • 读者导购
  • 参考咨询
  • 我的图书馆
  • 登录
  • 详细信息显示
  • 放入我的书架
  • 预约/预借图书
  • 作者相关作品
  • 分类相关作品
  • 丛书相关作品
  • 出版社相关作品

书目信息

  • 表格格式
  • 工作单格式
  • 卡片格式
题名:
教学语法答疑
    
 
作者: 陈蒲清 编
分册:  
出版信息: 长沙   湖南人民出版社  1984
页数: 312页
开本: 19cm
丛书名:
单 册:
中图分类: H193.5
科图分类:
主题词: 汉语--语言教学
电子资源:
ISBN:
000 00620nam0 2200241 45
001 0184002901
005 20040426155242.0
010    @dCNY1.15
091    @a7109.1381
100    @a19950609d1984 em y0chiy0121 ea
101 0  @achi
102    @aCN@b430000
105    @ay z 100yy
106    @ar
200 10 @a教学语法答疑@Ajiao xue yu fa da yi@f陈蒲清编
210    @a长沙@c湖南人民出版社@d1984
215    @a312页@d19cm
606 0  @a汉语@x语言教学
690    @aH193.5
701  0 @a陈蒲清@Achen pu qing@4编
801  0 @aCN@b上海图书馆@c20040426
801  2 @aCN@bNLC@c20040426
905    @f4@b136442-445@dH193.5@e72
    
    教学语法答疑/陈蒲清编.-长沙:湖南人民出版社,1984
    312页;19cm
    
    
    ISBN :CNY1.15
    
●
相关链接 在E读中查询图书 在五车中查询图书 在当当中查询图书 在豆瓣中查询图书


正题名:教学语法答疑     索取号:H193.5/72         预约/预借

序号 登录号 条形码 馆藏地/架位号 状态 备注
1 0136442   000846179   第四借阅区/ [索取号:H193.5/72] 在馆    
2 0136443   000846222   第四借阅区/ [索取号:H193.5/72] 在馆    
3 0136445   000846188   第四借阅区/ [索取号:H193.5/72] 在馆    
4 0136446   000846106   第二样本阅览室/ [索取号:H193.5/72] 在馆    
唐山师范学院图书馆 欢迎您!
大连网信软件有限公司© 版权所有